000
00244 a2200073 4500
245
_a
Disaster risk management
_b
: a resource book for educational institutions in Zimbabwe
_h
Text
100
_a
civil protectionorganisation of zimbabwe
005
20191017174353.0
084
_a
NONE
999
_c
11531
_d
11531